La definición del Derecho.
Kaydedildi:
| Yazar: | |
|---|---|
| Diğer Yazarlar: | , , |
| Materyal Türü: | Kitap |
| Dil: | İspanyolca |
| Baskı/Yayın Bilgisi: |
Madrid, España:
Revista de Occidente,
1964.
|
| Konular: | |
| Etiketler: |
Etiketle
Etiket eklenmemiş, İlk siz ekleyin!
|
MARC
| LEADER | 00000cam a2200000 a 4500 | ||
|---|---|---|---|
| 001 | UCF0526 | ||
| 003 | CL-VaPUC | ||
| 005 | 20220822114404.0 | ||
| 008 | 120531e19640000SP |||||||||||||||||spa|d | ||
| 999 | |c 347783 |d 347781 | ||
| 040 | |c Pontificia Universidad Católica de Valparaíso | ||
| 082 | 0 | 4 | |a 340.1 KAN 1964 |2 21 |
| 100 | 0 | |a Kantorowicz, Hermann |e autor |9 562293 | |
| 245 | 1 | 3 | |a La definición del Derecho. |
| 260 | |a Madrid, España: |b Revista de Occidente, |c 1964. | ||
| 300 | |a 170 páginas. | ||
| 500 | |a c.2 Donación Familia Prof. Alejandro Guzmán Brito. | ||
| 583 | |a last modification |c 20130308 07:52:26 |k Rodrigo Vera | ||
| 650 | 0 | |a Filosofía del derecho |9 255050 | |
| 650 | 0 | |a Etica y derecho |2 CL-VaPUC |9 341370 | |
| 700 | |a Campbell, A. H. |e edición |9 865968 | ||
| 700 | |a Goodhart, A. L. |e introducción |9 865969 | ||
| 700 | |a Vega, J.M. de la |e traducción del inglés |9 865970 | ||
| 942 | |c BK |2 ddc |n 0 | ||
| 945 | |d 20120531 00:00:00 |a cmena | ||
| 952 | |0 0 |1 0 |4 0 |6 340_100000000000000_KAN_1964 |7 0 |8 DER_TF |9 449399 |a BIBDER |b BIBDER |d 2019-11-22 |i 4851420 |l 5 |o 340.1 KAN 1964 |p 4851420 |r 2023-01-25 |s 2022-07-18 |w 2019-11-22 |x Ubicación 4to Piso |y BK |z Estos recursos deben solicitarse con anticipación |k DER | ||